Determinación de perfiles de superficie de agua en canales naturales

Uloženo v:
Podrobná bibliografie
Hlavní autor: Alvarado Elizondo, Mario E
Médium: Kniha
Vydáno: [San José , Costa Rica] 1984
Témata:
Tagy: Přidat tag
Žádné tagy, Buďte první, kdo vytvoří štítek k tomuto záznamu!

MARC

LEADER 00000nam a2200000Ia 4500
003 002426
005 20221231144412.0
008 140114s1984 c a m 000 ||s d
040 |c cru CEDI 
090 |a TFG 1495 
100 |a Alvarado Elizondo, Mario E  |9 14961 
245 |a Determinación de perfiles de superficie de agua en canales naturales 
260 |c 1984  |a [San José , Costa Rica] 
300 |a  110 hojas : ilustraciones (algunas plegables) ; 28 cm  
500 |a  Proyecto de graduación (ingeniero civil)-- Universidad de Costa Rica. Facultad de Ingeniería. Escuela de Ingeniería Civil 
650 |x HIDROLOGIA   |x CANALES DE RIEGO  |9 14962 
942 |c TFG  |2 ddc 
999 |c 21333  |d 21333